000 00577nam a2200181 4500
001 123241
003 ES-MaACL
005 20230906192134.0
007 t|
008 070214s1968 sp r ||||0| spa d
245 0 0 _aPubertad
_b: dirección y problemas sexuales de la adolescencia /
_ctraducción de Eloy Requena.
260 _aMadrid :
_bStudium,
_c1968.
300 _a135 p ;
_c20 cm.
500 _aPrecede al tít.: Centro de Estudios Laennec.
700 1 _aRequena, Eloy.
_996289
710 2 _aCentro de Estudios Laennec.
_92655
852 _aES-MaACL
_jC-51011
_bR.66888
999 _c123241
_d123241